000
00277nam a2200109Ia 4500
001
1268537
005
20260417145252.0
008
260417s9999 xx 000 0 und d
020
_a
9772149467965
245
0
_a
Masal Krallığı Cezeri
_c
Didem Demirel
260
_b
Ketebe Çocuk
999
_c
1268537
_d
1268537